[Event "XXVI Festival Conca della Presolana A"]
[Site "Bratto - Castione della Presolana ITA"]
[Date "2006.08.22"]
[Round "4"]
[White "D'Apa, Matteo"]
[Black "Casagrande, Fabio"]
[Result "1/2-1/2"]
[WhiteElo "2020"]
[BlackElo "2040"]
[PlyCount "122"]
[EventDate "2006.08.19"]

1. d4 e6 2. c4 Nf6 3. Nc3 Bb4 4. Nf3 c5 5. e3 Ne4 6. Bd2 Bxc3 7. Bxc3 Nxc3 8.
bxc3 O-O 9. Bd3 d5 10. O-O b6 11. cxd5 Qxd5 12. e4 Qh5 13. Re1 Bb7 14. Qd2 Nd7
15. Re3 e5 16. d5 Rae8 17. Ne1 Qh6 18. Qe2 Qd6 19. Rg3 g6 20. Nc2 Kh8 21. Ne3
f5 22. exf5 e4 23. fxg6 hxg6 24. Bb5 Kg7 25. Nc4 Qe7 26. Qh5 Qf6 27. Rf1 Rh8
28. Qg4 Ne5 29. Nxe5 Rxe5 30. c4 a6 31. Ba4 b5 32. cxb5 Bxd5 33. Qd7+ Bf7 34.
bxa6 Qxa6 35. Bb3 c4 36. Qd4 Qf6 37. Bxc4 Reh5 38. Qxf6+ Kxf6 39. Bxf7 Rxh2 40.
f4 Kxf7 41. Re3 Rh1+ 42. Kf2 Rxf1+ 43. Kxf1 Ra8 44. Re2 Kf6 45. g4 g5 46. Rxe4
gxf4 47. Rxf4+ Kg5 48. Rf2 Kxg4 49. Ke1 Kg3 50. Rb2 Kf4 51. Kd2 Ra3 52. Kc2 Ke5
53. Kb1 Kd4 54. Rb8 Kc3 55. Rc8+ Kb4 56. Kb2 Rh3 57. Rb8+ Ka4 58. Ra8+ Kb5 59.
a4+ Kb4 60. a5 Rh2+ 61. Kb1 Kb5 1/2-1/2

[Event "XXVI Festival Conca della Presolana A"]
[Site "Bratto - Castione della Presolana ITA"]
[Date "2006.08.22"]
[Round "4"]
[White "Di Fonzo, Valerio"]
[Black "Costantini, Roberto"]
[Result "1-0"]
[WhiteElo "2202"]
[BlackElo "2293"]
[PlyCount "93"]
[EventDate "2006.08.19"]

1. e4 c5 2. Nf3 d6 3. d4 cxd4 4. Nxd4 Nf6 5. Nc3 a6 6. Be2 e5 7. Nb3 Be7 8. O-O
O-O 9. Be3 Be6 10. Qd2 Nbd7 11. a4 Rc8 12. a5 Qc7 13. Rfd1 Rfd8 14. Qe1 h6 15.
Rd2 Bf8 16. Qd1 Nc5 17. Nxc5 dxc5 18. Nd5 Bxd5 19. exd5 Ne4 20. Rd3 f5 21. c4
Nd6 22. Rc3 g5 23. f3 Bg7 24. Rc2 e4 25. f4 gxf4 26. Bxf4 Bd4+ 27. Kh1 Qg7 28.
Ra3 e3 29. Bxe3 Ne4 30. Bxd4 cxd4 31. Bd3 Kh8 32. Qh5 Rf8 33. Bf1 Nf6 34. Qf3
Ng4 35. Rb3 Ne3 36. Rc1 Rfd8 37. d6 Rxd6 38. Rxb7 Qe5 39. Bd3 Rg8 40. Rg1 Rdg6
41. Rb6 Qxa5 42. Rxg6 Rxg6 43. Qf4 Qb6 44. Qe5+ Rg7 45. Bxf5 Nxc4 46. Qe8+ Rg8
47. Qf7 1-0

[Event "XXVI Festival Conca della Presolana A"]
[Site "Bratto - Castione della Presolana ITA"]
[Date "2006.08.22"]
[Round "4"]
[White "Di Lascio, Savino"]
[Black "Salmoiraghi, Angelo"]
[Result "0-1"]
[WhiteElo "2048"]
[BlackElo "2015"]
[PlyCount "72"]
[EventDate "2006.08.19"]

1. Nf3 Nf6 2. g3 d5 3. Bg2 c5 4. O-O Nc6 5. d3 e6 6. Nbd2 Be7 7. c3 O-O 8. e4
b6 9. e5 Nd7 10. Qe2 f6 11. Bh3 Ndxe5 12. Nxe5 fxe5 13. f4 Bd6 14. Nf3 exf4 15.
Bxe6+ Bxe6 16. Qxe6+ Kh8 17. gxf4 Rf6 18. Qxd5 Bxf4 19. Qxd8+ Rxd8 20. Bxf4
Rxf4 21. Rad1 Kg8 22. Kg2 Rdf8 23. h3 h6 24. d4 cxd4 25. cxd4 Nb4 26. a3 Nc2
27. Rd3 Re4 28. Rf2 Ne3+ 29. Kg1 Nd5 30. Rg2 Nf4 31. Rdd2 Nxh3+ 32. Kh2 Rxf3
33. d5 Ng5 34. d6 Rh3+ 35. Kg1 Nf3+ 36. Kf2 Nxd2 0-1

[Event "XXVI Festival Conca della Presolana A"]
[Site "Bratto - Castione della Presolana ITA"]
[Date "2006.08.22"]
[Round "4"]
[White "Djabri, Katherine"]
[Black "Milazzo, Mario"]
[Result "1/2-1/2"]
[WhiteElo "2009"]
[BlackElo "2110"]
[PlyCount "31"]
[EventDate "2006.08.19"]

1. e4 e5 2. Nf3 Nc6 3. d4 exd4 4. c3 d5 5. exd5 Qxd5 6. Be2 Bg4 7. cxd4 Nf6 8.
O-O O-O-O 9. Be3 Bd6 10. h3 h5 11. Nc3 Qf5 12. Nh4 Bxe2 13. Nxf5 Bxd1 14. Rfxd1
Ne7 15. Nh4 Ned5 16. Nf3 1/2-1/2

[Event "XXVI Festival Conca della Presolana A"]
[Site "Bratto - Castione della Presolana ITA"]
[Date "2006.08.22"]
[Round "4"]
[White "Drasko, Milan"]
[Black "Epishin, Vladimir V."]
[Result "1/2-1/2"]
[WhiteElo "2521"]
[BlackElo "2555"]
[PlyCount "21"]
[EventDate "2006.08.19"]

1. d4 d5 2. c4 c6 3. e3 Nf6 4. Nf3 Bf5 5. Bd3 Bxd3 6. Qxd3 e6 7. O-O Nbd7 8.
Nc3 Bb4 9. Bd2 a5 10. Rfd1 O-O 11. Rac1 1/2-1/2

[Event "XXVI Festival Conca della Presolana A"]
[Site "Bratto - Castione della Presolana ITA"]
[Date "2006.08.22"]
[Round "4"]
[White "Efimov, Igor"]
[Black "Castaldo, Folco"]
[Result "0-1"]
[WhiteElo "2439"]
[BlackElo "2336"]
[PlyCount "82"]
[EventDate "2006.08.19"]

1. d4 e6 2. Nf3 f5 3. g3 Nf6 4. Bg2 Be7 5. c4 O-O 6. O-O Ne4 7. b3 Bf6 8. Bb2
Nc6 9. Nbd2 d6 10. Ne1 d5 11. Ndf3 a5 12. Ne5 Nxe5 13. dxe5 Be7 14. Qc2 c6 15.
Nd3 a4 16. Rad1 Qb6 17. e3 axb3 18. axb3 Nc5 19. Nc1 Bd7 20. Bd4 Rfc8 21. g4
fxg4 22. Qe2 Qc7 23. Qxg4 Rf8 24. b4 Ne4 25. Bxe4 dxe4 26. Bb6 Qc8 27. Bc5 Bxc5
28. bxc5 Be8 29. Rd6 Bg6 30. Rfd1 Qe8 31. Qg3 Bh5 32. Re1 Rf3 33. Qg2 Rf5 34.
h4 Rxe5 35. Nb3 Qe7 36. Qg3 Rf5 37. Nd4 Rf6 38. Qh2 e5 39. Ne2 Bxe2 40. Rxf6
Qxf6 41. Rxe2 Ra1+ 0-1

[Event "XXVI Festival Conca della Presolana A"]
[Site "Bratto - Castione della Presolana ITA"]
[Date "2006.08.22"]
[Round "4"]
[White "Faccia, Sergio"]
[Black "Carosso, Andrea"]
[Result "1-0"]
[WhiteElo "2035"]
[BlackElo "2050"]
[PlyCount "79"]
[EventDate "2006.08.19"]

1. e4 c6 2. d4 d5 3. exd5 cxd5 4. c4 Nf6 5. Nc3 e6 6. c5 g6 7. Nf3 Bg7 8. Bb5+
Bd7 9. O-O O-O 10. Bf4 Nc6 11. a4 Kh8 12. Re1 Ng8 13. Bxc6 Bxc6 14. b4 a6 15.
b5 Be8 16. Qb3 Nh6 17. Be5 Nf5 18. Bxg7+ Kxg7 19. Ne2 h5 20. Nf4 Qf6 21. bxa6
Rxa6 22. Qxb7 Nxd4 23. Nxd4 Qxd4 24. Qxa6 Qxf4 25. c6 Qc4 26. Qxc4 dxc4 27.
Rec1 Bxc6 28. Rxc4 Bd5 29. Rb4 Ra8 30. a5 Kf6 31. f3 Ke7 32. Kf2 g5 33. g3 f6
34. Ke3 Rc8 35. Ra3 Kd6 36. a6 Ra8 37. a7 Kc5 38. Rb8 Kd6 39. Rxa8 Bxa8 40. Rb3
1-0

[Event "XXVI Festival Conca della Presolana A"]
[Site "Bratto - Castione della Presolana ITA"]
[Date "2006.08.22"]
[Round "4"]
[White "Ferro, Mario"]
[Black "Godena, Michele"]
[Result "0-1"]
[WhiteElo "2238"]
[BlackElo "2528"]
[PlyCount "62"]
[EventDate "2006.08.19"]

1. e4 e5 2. Nf3 Nc6 3. d4 exd4 4. Bc4 Nf6 5. e5 Ne4 6. Bd5 Nc5 7. O-O Ne6 8. c3
dxc3 9. Nxc3 d6 10. Qc2 Nxe5 11. Ng5 Be7 12. Bxe6 Bxe6 13. Nxe6 fxe6 14. Qb3
Qd7 15. Qxb7 O-O 16. Qe4 Bf6 17. Qe2 d5 18. f4 Nc4 19. Rd1 Qc6 20. Rd3 Rab8 21.
b3 Nb6 22. Bb2 Rbe8 23. Rc1 Qd7 24. Qg4 c6 25. Ba3 Be7 26. Bxe7 Qxe7 27. Re1
Qf6 28. Rg3 Qd4+ 29. Rge3 e5 30. Qd1 Qxf4 31. Rf3 Qb4 0-1

[Event "XXVI Festival Conca della Presolana A"]
[Site "Bratto - Castione della Presolana ITA"]
[Date "2006.08.22"]
[Round "4"]
[White "Gangemi, Salvatore"]
[Black "Raselli, Claudio"]
[Result "1-0"]
[WhiteElo "2077"]
[BlackElo "2034"]
[PlyCount "71"]
[EventDate "2006.08.19"]

1. c4 e5 2. Nc3 d6 3. g3 f5 4. Bg2 Nf6 5. d3 Be7 6. e3 c6 7. Nge2 O-O 8. O-O a5
9. d4 Na6 10. Qb3 e4 11. Na4 d5 12. c5 Rb8 13. Nb6 Nd7 14. Bd2 Nxb6 15. Bxa5
Qe8 16. Bxb6 Qh5 17. Nf4 Qh6 18. a4 g5 19. Ne2 Qh5 20. Rae1 Rf6 21. f4 g4 22.
Kf2 Rh6 23. Rh1 Qg6 24. Qc3 Bd7 25. b4 Rf8 26. Qb3 Qe8 27. Nc3 Rg6 28. b5 Nb8
29. Bc7 Be6 30. Bxb8 Qxb8 31. b6 Qa8 32. Qb4 h5 33. a5 Bc8 34. Ra1 h4 35. Rhb1
hxg3+ 36. hxg3 1-0

[Event "XXVI Festival Conca della Presolana A"]
[Site "Bratto - Castione della Presolana ITA"]
[Date "2006.08.22"]
[Round "4"]
[White "Groszpeter, Attila"]
[Black "Dervishi, Erald"]
[Result "1/2-1/2"]
[WhiteElo "2511"]
[BlackElo "2531"]
[PlyCount "38"]
[EventDate "2006.08.19"]

1. e4 e5 2. Nf3 Nc6 3. Bb5 a6 4. Bxc6 dxc6 5. O-O f6 6. d4 exd4 7. Nxd4 c5 8.
Nb3 Qxd1 9. Rxd1 g5 10. Nc3 Bd7 11. e5 h6 12. Ne4 b6 13. exf6 Bc6 14. Nbd2 Rd8
15. Re1 Kf7 16. b3 Nxf6 17. Bb2 Bg7 18. Bxf6 Bxf6 19. Nxf6 Kxf6 1/2-1/2

[Event "XXVI Festival Conca della Presolana A"]
[Site "Bratto - Castione della Presolana ITA"]
[Date "2006.08.22"]
[Round "4"]
[White "Guanciale, Orazio"]
[Black "Forato, Enrico"]
[Result "1-0"]
[WhiteElo "2156"]
[BlackElo "1949"]
[PlyCount "85"]
[EventDate "2006.08.19"]

1. e4 g6 2. d4 Bg7 3. Nc3 c5 4. d5 d6 5. Be2 Nf6 6. Nf3 a6 7. a4 e6 8. dxe6
Bxe6 9. Bf4 d5 10. exd5 Nxd5 11. Nxd5 Qxd5 12. Qxd5 Bxd5 13. O-O-O Be6 14. Ng5
O-O 15. Bf3 Nc6 16. Nxe6 fxe6 17. Bd6 Rf5 18. c3 c4 19. Rhe1 Re8 20. Re2 Kf7
21. Rde1 h5 22. Be4 Ra5 23. Bc7 Rxa4 24. Kb1 Na5 25. Bd5 exd5 26. Rxe8 Nb3 27.
Kc2 Ra1 28. R8e7+ Kf6 29. Bd8 Rxe1 30. Rxe1+ Kf5 31. Re7 Be5 32. Rf7+ Ke6 33.
Rxb7 d4 34. Bc7 d3+ 35. Kd1 Bf6 36. Rb6+ Kf7 37. Rc6 Bh4 38. g3 Bf6 39. Rxc4 a5
40. Ra4 Nc5 41. Rxa5 Ne4 42. f3 Nf2+ 43. Ke1 1-0

[Event "XXVI Festival Conca della Presolana A"]
[Site "Bratto - Castione della Presolana ITA"]
[Date "2006.08.22"]
[Round "4"]
[White "Guido, Flavio"]
[Black "Ambrosi, Eleonora"]
[Result "1-0"]
[WhiteElo "2323"]
[BlackElo "2147"]
[PlyCount "41"]
[EventDate "2006.08.19"]

1. e4 c5 2. Nf3 Nc6 3. c3 d5 4. exd5 Qxd5 5. d4 e5 6. Nxe5 Nxe5 7. dxe5 Qxe5+
8. Be2 Bd7 9. O-O O-O-O 10. Nd2 Nf6 11. Nc4 Qc7 12. Bg5 h5 13. Qc1 Bg4 14. Bf4
Qe7 15. Bxg4+ Nxg4 16. h3 Qe6 17. b3 Nh6 18. Re1 Qa6 19. Qe3 f6 20. Rad1 Nf7
21. Qe8 1-0

[Event "XXVI Festival Conca della Presolana A"]
[Site "Bratto - Castione della Presolana ITA"]
[Date "2006.08.22"]
[Round "4"]
[White "Isonzo, David"]
[Black "Rombaldoni, Axel"]
[Result "0-1"]
[WhiteElo "2361"]
[BlackElo "2169"]
[PlyCount "130"]
[EventDate "2006.08.19"]

1. e4 c5 2. Nf3 d6 3. d4 cxd4 4. Nxd4 Nf6 5. Nc3 Bd7 6. g3 g6 7. Bg2 Nc6 8.
Nde2 Bg7 9. O-O O-O 10. h3 a6 11. a4 Rc8 12. Nd5 Nxd5 13. exd5 Na5 14. Ra2 b5
15. axb5 axb5 16. Be3 b4 17. Bd4 b3 18. cxb3 Bxd4 19. Nxd4 Qb6 20. Ra3 e5 21.
dxe6 fxe6 22. Nxe6 Bxe6 23. Bd5 Bf7 24. Qd2 Nc6 25. Bxf7+ Rxf7 26. Qxd6 Rcf8
27. Qe6 Kg7 28. Qe2 Nd4 29. Qe5+ Kg8 30. Qd5 Nf3+ 31. Kh1 Kg7 32. b4 Rd8 33.
Qxf7+ Kxf7 34. Rxf3+ Kg7 35. Rf4 Rd2 36. h4 h6 37. Kg1 g5 38. hxg5 hxg5 39. Re4
Rxb2 40. Rc4 Kg6 41. Kg2 Qb7+ 42. Kg1 Qf7 43. Rd4 Qf6 44. Rc4 Qf3 45. Rd4 Kh5
46. Rc4 Rd2 47. b5 Rb2 48. Rd4 Rxb5 49. Rfd1 Rb2 50. Rf1 Rc2 51. Rb4 Rd2 52.
Rc4 Rd1 53. Rb4 Rxf1+ 54. Kxf1 Qc3 55. Rb6 Kg4 56. Kg2 Qf3+ 57. Kg1 Qd1+ 58.
Kg2 Qd5+ 59. Kf1 Qd4 60. Rb8 Kh3 61. Re8 Qd1+ 62. Re1 Qd3+ 63. Re2 g4 64. Ke1
Kg2 65. f3+ Qxe2+ 0-1

[Event "XXVI Festival Conca della Presolana A"]
[Site "Bratto - Castione della Presolana ITA"]
[Date "2006.08.22"]
[Round "4"]
[White "Lampl, Gerald"]
[Black "Frilli, Guido"]
[Result "1/2-1/2"]
[WhiteElo "1826"]
[BlackElo "2154"]
[PlyCount "96"]
[EventDate "2006.08.19"]

1. e4 c5 2. Nf3 Nc6 3. d4 cxd4 4. Nxd4 Nf6 5. Nc3 e5 6. Ndb5 d6 7. Bg5 a6 8.
Na3 b5 9. Nd5 Be7 10. Bxf6 Bxf6 11. c3 O-O 12. Nc2 Rb8 13. h4 Be7 14. Bd3 Be6
15. Nce3 Qd7 16. a4 Bd8 17. axb5 axb5 18. Qe2 b4 19. Bb5 Qb7 20. Bxc6 Qxc6 21.
Ra6 Qc5 22. c4 b3 23. Qd2 f5 24. exf5 Bxf5 25. Nxf5 Rxf5 26. Ne3 Rf7 27. Qxd6
Qxd6 28. Rxd6 Be7 29. Rd5 Ba3 30. bxa3 b2 31. Ke2 b1=Q 32. Rxb1 Rxb1 33. Rxe5
Rb2+ 34. Kd3 Rfxf2 35. a4 Ra2 36. a5 Ra3+ 37. Kd4 Rd2+ 38. Ke4 Rda2 39. Nf5
Re2+ 40. Kd4 Rxe5 41. Kxe5 Rxa5+ 42. Ke6 Kf8 43. g4 g6 44. Nd6 Rc5 45. Kf6 Rc6
46. Ke6 Rc7 47. Kd5 Ke7 48. c5 Kd7 1/2-1/2

[Event "XXVI Festival Conca della Presolana A"]
[Site "Bratto - Castione della Presolana ITA"]
[Date "2006.08.22"]
[Round "4"]
[White "Lava, Giovanni"]
[Black "Tramalloni, Luca"]
[Result "0-1"]
[WhiteElo "2232"]
[BlackElo "2114"]
[PlyCount "70"]
[EventDate "2006.08.19"]

1. d4 Nf6 2. Nf3 e6 3. g3 b5 4. Bg2 Bb7 5. O-O d6 6. c3 Be7 7. Qb3 Bc6 8. Nbd2
Nbd7 9. Re1 O-O 10. e4 Nb6 11. Qc2 h6 12. b3 Nfd7 13. Bb2 Bb7 14. a4 bxa4 15.
bxa4 a5 16. Bf1 c5 17. Bb5 Qc7 18. Qd3 Rfc8 19. Ba3 Bc6 20. d5 Bxb5 21. axb5 c4
22. Qe2 exd5 23. Nd4 Bf6 24. Nf5 Nc5 25. exd5 Nxd5 26. Qxc4 Nxc3 27. Rac1 Qd7
28. Qg4 Kh7 29. Re7 Qxb5 30. Rxf7 Rg8 31. Re1 Nd3 32. Ree7 Ne5 33. Qh5 Ne2+ 34.
Kg2 Qd5+ 35. f3 Qxd2 0-1

[Event "XXVI Festival Conca della Presolana A"]
[Site "Bratto - Castione della Presolana ITA"]
[Date "2006.08.22"]
[Round "4"]
[White "Lovati, Paolo"]
[Black "De Nardi, Riccardo"]
[Result "1-0"]
[WhiteElo "2069"]
[BlackElo "1973"]
[PlyCount "61"]
[EventDate "2006.08.19"]

1. c4 Nf6 2. g3 g6 3. Bg2 Bg7 4. Nc3 O-O 5. d3 e5 6. Nf3 d6 7. Rb1 Nh5 8. O-O
f5 9. Bg5 Bf6 10. Bxf6 Qxf6 11. Qc1 f4 12. Nd2 c6 13. b4 Bf5 14. b5 Qe6 15.
bxc6 bxc6 16. Qa3 Bh3 17. Nde4 Bxg2 18. Kxg2 d5 19. Ng5 Qf6 20. Nf3 g5 21. cxd5
g4 22. Nh4 f3+ 23. exf3 Nf4+ 24. Kh1 cxd5 25. gxf4 Qxh4 26. Qd6 exf4 27. Qxd5+
Kh8 28. Qxa8 g3 29. fxg3 fxg3 30. Rb2 Qh3 31. Rg2 1-0

[Event "XXVI Festival Conca della Presolana A"]
[Site "Bratto - Castione della Presolana ITA"]
[Date "2006.08.22"]
[Round "4"]
[White "Lucaroni, Massimiliano"]
[Black "Bellia, Fabrizio"]
[Result "0-1"]
[WhiteElo "2293"]
[BlackElo "2392"]
[PlyCount "70"]
[EventDate "2006.08.19"]

1. e4 e5 2. Bc4 Nf6 3. d3 Nc6 4. Nc3 Na5 5. Nge2 c6 6. O-O Nxc4 7. dxc4 d6 8.
Qd3 Be7 9. b3 O-O 10. f4 Ng4 11. Kh1 f5 12. Ba3 exf4 13. Rxf4 g5 14. Rff1 f4
15. c5 dxc5 16. Qc4+ Rf7 17. Bxc5 Bxc5 18. Qxc5 Ne3 19. Rf2 Bd7 20. g3 b6 21.
Qd6 Rf6 22. Qd2 Ng4 23. Rff1 Rh6 24. h4 fxg3 25. Nxg3 Rxh4+ 26. Kg1 Qe7 27. Qd4
Ne5 28. Nd5 cxd5 29. Qxd5+ Kg7 30. Qxa8 Qc5+ 31. Rf2 Nf3+ 32. Kf1 Bh3+ 33. Ke2
Qxc2+ 34. Ke3 Qc3+ 35. Ke2 Qd2+ 0-1

[Event "XXVI Festival Conca della Presolana A"]
[Site "Bratto - Castione della Presolana ITA"]
[Date "2006.08.22"]
[Round "4"]
[White "Maccagno, Giancarlo"]
[Black "Cecchetto, Vanni"]
[Result "1-0"]
[WhiteElo "2093"]
[BlackElo "2006"]
[PlyCount "99"]
[EventDate "2006.08.19"]

1. e4 c5 2. d4 cxd4 3. c3 Nf6 4. e5 Nd5 5. Qxd4 e6 6. Nf3 Nc6 7. Qe4 d6 8. Nbd2
dxe5 9. Nxe5 Nxe5 10. Qxe5 f6 11. Bb5+ Kf7 12. Qe2 h5 13. O-O h4 14. Ne4 Bd7
15. Rd1 Bxb5 16. Qxb5 Qc7 17. c4 a6 18. Qa4 Nb6 19. Qa5 Qxc4 20. Ng5+ fxg5 21.
Qxb6 Qg4 22. Rd4 Qf5 23. Qxb7+ Be7 24. Rd7 Rae8 25. Be3 h3 26. Qf3 Qxf3 27.
gxf3 Kf6 28. Rc1 Kf5 29. Ra7 Bf6 30. Rxa6 Bxb2 31. Rc5+ e5 32. Rc7 e4 33. Ra5+
Re5 34. fxe4+ Kxe4 35. Ra4+ Kf3 36. Rf7+ Ke2 37. Rc4 Kd3 38. Rg4 Ke2 39. Rc7
Rb8 40. Rg3 g4 41. Rc2+ Kd1 42. Rd2+ Ke1 43. Rc2 Kd1 44. Rc4 Ke2 45. Rcxg4 Rh5
46. Bg5 Bf6 47. Re4+ Kd1 48. Bxf6 Rb1 49. Bc3 Kc2+ 50. Re1 1-0

[Event "XXVI Festival Conca della Presolana A"]
[Site "Bratto - Castione della Presolana ITA"]
[Date "2006.08.22"]
[Round "4"]
[White "Magrini, Fabrizio"]
[Black "Ferretti, Folco"]
[Result "0-1"]
[WhiteElo "2119"]
[BlackElo "2254"]
[PlyCount "98"]
[EventDate "2006.08.19"]

1. e4 c6 2. d4 d5 3. Nd2 dxe4 4. Nxe4 Nf6 5. Nxf6+ gxf6 6. Qd3 Bg4 7. Ne2 e5 8.
Be3 Nd7 9. O-O-O Qa5 10. Kb1 O-O-O 11. Bd2 Qc7 12. h3 Bh5 13. Be3 Bg6 14. Qb3
Nb6 15. a3 c5 16. d5 f5 17. f4 f6 18. c4 Bh5 19. Qd3 e4 20. Qc3 Be7 21. Rc1
Rdg8 22. Rg1 Bxe2 23. Bxe2 Rg3 24. Qd2 Rhg8 25. Bh5 Bd6 26. Rc2 Qe7 27. Qf2 Nd7
28. Ka2 Kb8 29. b4 b6 30. b5 Qg7 31. a4 Kc7 32. Kb1 Nf8 33. a5 Nd7 34. Ra2 bxa5
35. Rxa5 Kb7 36. Ra6 Qe7 37. Qa2 Ra8 38. Rc6 Nb8 39. Bf2 Rc3 40. Rd1 e3 41. Be1
Qe4+ 42. Ka1 Rxc4 43. Bf3 Qxf4 44. Bg3 Be5+ 45. Kb1 Rb4+ 46. Kc1 Qc4+ 47. Qxc4
Rxc4+ 48. Kb1 Nxc6 49. bxc6+ Kc8 0-1

[Event "XXVI Festival Conca della Presolana A"]
[Site "Bratto - Castione della Presolana ITA"]
[Date "2006.08.22"]
[Round "4"]
[White "Mantovani, Renzo"]
[Black "Zucchelli, Massimo"]
[Result "1-0"]
[WhiteElo "2370"]
[BlackElo "2135"]
[PlyCount "61"]
[EventDate "2006.08.19"]

1. e4 e6 2. Nc3 d5 3. d4 Bb4 4. e5 c5 5. Qg4 Ne7 6. Nf3 cxd4 7. Nxd4 Ng6 8. Bd2
O-O 9. f4 f5 10. Qh5 Bxc3 11. bxc3 Nc6 12. Bd3 Bd7 13. O-O Nxd4 14. cxd4 Ne7
15. Rab1 b6 16. Bb4 Rf7 17. Rf3 Nc6 18. c3 Nxb4 19. cxb4 Rc8 20. g4 g6 21. Qh3
fxg4 22. Qxg4 Qe7 23. Kh1 Rg7 24. h4 Qe8 25. Rg1 Qe7 26. a3 Be8 27. Rfg3 Rc7
28. Qh3 Qf7 29. h5 Qxf4 30. Qxe6+ Bf7 31. Qf6 1-0

[Event "XXVI Festival Conca della Presolana A"]
[Site "Bratto - Castione della Presolana ITA"]
[Date "2006.08.22"]
[Round "4"]
[White "Mazzariol, Oscar"]
[Black "Orsi, Massimiliano"]
[Result "0-1"]
[WhiteElo "2066"]
[BlackElo "2025"]
[PlyCount "40"]
[EventDate "2006.08.19"]

1. e4 e5 2. Nf3 Nc6 3. Bb5 Nd4 4. Nxd4 exd4 5. O-O Bc5 6. c3 c6 7. Bc4 Qh4 8.
b4 Bb6 9. Bb2 Ne7 10. Qf3 O-O 11. d3 d5 12. exd5 cxd5 13. Bxd5 Bg4 14. Qe4 Nxd5
15. Qxd5 Rad8 16. Qxb7 Rd7 17. Qc6 Rc7 18. Qd6 Be2 19. c4 Rd8 20. g3 Rxd6 0-1

[Event "XXVI Festival Conca della Presolana A"]
[Site "Bratto - Castione della Presolana ITA"]
[Date "2006.08.22"]
[Round "4"]
[White "Napoli, Nicolo'"]
[Black "Djabri, Zafer M."]
[Result "1-0"]
[WhiteElo "2216"]
[BlackElo "2059"]
[PlyCount "31"]
[EventDate "2006.08.19"]

1. d4 d5 2. Nc3 Nf6 3. Bg5 Nbd7 4. e3 c5 5. dxc5 Qa5 6. Bxf6 Nxf6 7. Bb5+ Bd7
8. Bxd7+ Kxd7 9. Qd4 e5 10. Qxe5 Bxc5 11. O-O-O Bd6 12. Qf5+ Kc7 13. e4 Rhe8
14. Nf3 Nxe4 15. Rxd5 Qb4 16. a3 1-0

[Event "XXVI Festival Conca della Presolana A"]
[Site "Bratto - Castione della Presolana ITA"]
[Date "2006.08.22"]
[Round "4"]
[White "Nardi, Marco"]
[Black "Di Donato, Giovanni"]
[Result "1-0"]
[WhiteElo "2045"]
[BlackElo "1951"]
[PlyCount "47"]
[EventDate "2006.08.19"]

1. e4 e5 2. d4 exd4 3. Qxd4 Nc6 4. Qe3 Nf6 5. Nc3 Bb4 6. Bd2 O-O 7. O-O-O Re8
8. Bc4 Na5 9. Be2 Nc6 10. Qg3 Nxe4 11. Nxe4 Rxe4 12. Bf4 d6 13. Bd3 Re8 14. Nf3
Ne7 15. Bg5 Qd7 16. Qh4 Qg4 17. Bxe7 f6 18. Bxf6 gxf6 19. Qxh7+ Kf8 20. Bg6 Be6
21. Qh8+ Ke7 22. Qg7+ Kd8 23. Qxf6+ Re7 24. Qf8+ 1-0

[Event "XXVI Festival Conca della Presolana A"]
[Site "Bratto - Castione della Presolana ITA"]
[Date "2006.08.22"]
[Round "4"]
[White "Novelli, Cristiano"]
[Black "Stips, Felix"]
[Result "1-0"]
[WhiteElo "2145"]
[BlackElo "1874"]
[PlyCount "79"]
[EventDate "2006.08.19"]

1. e4 c5 2. Nc3 e6 3. Nge2 a6 4. g3 Nc6 5. Bg2 b5 6. O-O Qc7 7. d3 d6 8. Be3
Nf6 9. h3 Be7 10. f4 Bb7 11. f5 O-O-O 12. fxe6 fxe6 13. Nf4 Qd7 14. h4 Rde8 15.
Bh3 Bd8 16. a4 b4 17. Ncd5 h5 18. Ng6 Ng4 19. Bxg4 hxg4 20. Nxh8 exd5 21. Ng6
dxe4 22. Nf8 Qc7 23. Qxg4+ Kb8 24. Qg6 Re7 25. Bf4 Ne5 26. Bxe5 Rxe5 27. Ne6
Qd7 28. Rf8 Rxe6 29. Rxd8+ Bc8 30. Qg5 Qe7 31. Qxe7 Rxe7 32. Rxd6 exd3 33. Rxd3
Bf5 34. Rd2 b3 35. cxb3 Re3 36. Kf2 Rxb3 37. Rc1 Rb4 38. Rxc5 g6 39. a5 Kb7 40.
h5 1-0

[Event "XXVI Festival Conca della Presolana A"]
[Site "Bratto - Castione della Presolana ITA"]
[Date "2006.08.22"]
[Round "4"]
[White "Pantaleoni, Claudio"]
[Black "Miatello, Alberto"]
[Result "1-0"]
[WhiteElo "2222"]
[BlackElo "2082"]
[PlyCount "65"]
[EventDate "2006.08.19"]

1. Nf3 Nf6 2. c4 g6 3. Nc3 Bg7 4. e4 d6 5. d4 O-O 6. h3 Nc6 7. d5 Ne5 8. Nxe5
dxe5 9. Be2 e6 10. Qb3 exd5 11. cxd5 Ne8 12. Be3 Nd6 13. O-O-O f5 14. f3 f4 15.
Bf2 Bd7 16. Kb1 a5 17. a4 Qg5 18. Rhg1 Rfb8 19. Rc1 Qd8 20. Nb5 Bxb5 21. Bxb5
Kh8 22. Rgd1 Bf8 23. Bf1 b5 24. axb5 a4 25. Qc3 Nxb5 26. Bxb5 Rxb5 27. Qxc7 a3
28. Qxd8 Rxb2+ 29. Ka1 Rxd8 30. Bh4 Rdb8 31. d6 Rxg2 32. d7 Rbb2 33. Bf6+ 1-0

[Event "XXVI Festival Conca della Presolana A"]
[Site "Bratto - Castione della Presolana ITA"]
[Date "2006.08.22"]
[Round "4"]
[White "Pesce, Gabriele"]
[Black "Ricca, Giorgio"]
[Result "1/2-1/2"]
[WhiteElo "2006"]
[BlackElo "2078"]
[PlyCount "61"]
[EventDate "2006.08.19"]

1. e4 e5 2. Nf3 Nf6 3. Nxe5 d6 4. Nf3 Nxe4 5. Nc3 Nxc3 6. dxc3 Be7 7. Bf4 Bg4
8. Be2 O-O 9. Qd2 d5 10. O-O-O c6 11. h3 Bxf3 12. Bxf3 Qa5 13. Kb1 Na6 14. Rhe1
Rfe8 15. Bg4 Bf8 16. Rxe8 Rxe8 17. Re1 Qd8 18. Rxe8 Qxe8 19. Qe3 Qxe3 20. Bxe3
Bc5 21. Bd4 Bxd4 22. cxd4 Nb8 23. c3 g6 24. Bc8 b6 25. h4 h6 26. a4 Kf8 27. Kc2
Ke7 28. g4 g5 29. hxg5 hxg5 30. Kd3 a5 31. Bf5 1/2-1/2

[Event "XXVI Festival Conca della Presolana A"]
[Site "Bratto - Castione della Presolana ITA"]
[Date "2006.08.22"]
[Round "4"]
[White "Piantoni, Roberto"]
[Black "Capece, Adolivio"]
[Result "1/2-1/2"]
[WhiteElo "2160"]
[BlackElo "2041"]
[PlyCount "47"]
[EventDate "2006.08.19"]

1. d4 Nf6 2. Nf3 g6 3. Bf4 Bg7 4. e3 d6 5. h3 c6 6. Nbd2 Nbd7 7. Be2 O-O 8. O-O
Nb6 9. Bh2 Bd7 10. c3 Rc8 11. Re1 c5 12. a4 cxd4 13. Nxd4 a6 14. a5 Nbd5 15.
Qb3 e5 16. Nc2 Bc6 17. Qa3 Qc7 18. Rad1 Rfd8 19. Qa2 Rb8 20. Nf3 Ne7 21. Bc4
Be8 22. Bf1 Nc6 23. Ra1 Bd7 24. Bc4 1/2-1/2

[Event "XXVI Festival Conca della Presolana A"]
[Site "Bratto - Castione della Presolana ITA"]
[Date "2006.08.22"]
[Round "4"]
[White "Piscopo, Pierluigi"]
[Black "Lanzani, Mario"]
[Result "1/2-1/2"]
[WhiteElo "2393"]
[BlackElo "2331"]
[PlyCount "26"]
[EventDate "2006.08.19"]

1. e4 e5 2. Nf3 Nc6 3. Bb5 a6 4. Ba4 Nf6 5. O-O Nxe4 6. d4 b5 7. Bb3 d5 8. dxe5
Be6 9. Be3 Be7 10. c3 O-O 11. Re1 Na5 12. Bc2 Nc4 13. Nbd2 Ncxd2 1/2-1/2